000 00611nam a2200217Ia 4500
003 BUBTL
008 151213s9999 xx 000 0 und d
020 _a81-203-2350-5
082 _a658.8342/SCC
100 _aLeon G. Schiffman/ Leslie Lazar kanuk
_92988
245 _aConsumer Behavior
_cLeon G. Schiffman/ Leslie Lazar kanuk
250 _a8th
260 _aNew Delhi
_bPrentice Hall
_c2004
300 _a11683 p.
650 _aMarketing
_92989
650 _aMarketing
_92989
700 _aLeon G. Schiffman/ Leslie Lazar kanuk
_92988
856 _k0
_l0
_yDownload
942 _2ddc
_cBK
999 _c5017
_d5017